All 100k+ Cities in Canada on a Map - Statistics

General Stats
  • This quiz has been taken 1,114 times
  • The average score is 38 of 68
Answers on the Map
Answers color-coded by a green-red scale on the quiz's map according to % correct below.
 
Answer Stats
City Population % Correct
Vancouver 732,581
96%
Toronto 3,110,984
95%
Calgary 1,481,466
93%
Montréal 1,874,560
93%
Ottawa 1,114,316
93%
Edmonton 1,128,811
92%
Québec 578,593
91%
Halifax 491,921
87%
Winnipeg 815,599
87%
Victoria 100,505
85%
Regina 245,640
83%
Saskatoon 295,204
83%
St. John's 121,472
83%
London 474,643
81%
Hamilton 615,244
77%
Thunder Bay 115,711
73%
Windsor 255,508
73%
Mississauga 756,453
71%
Surrey 653,039
67%
Niagara Falls 105,552
65%
Brampton 744,041
64%
Greater Sudbury 179,831
64%
Kitchener 300,892
62%
Red Deer 109,234
62%
Kelowna 161,166
61%
Laval 451,986
60%
Trois-Rivières 145,226
60%
Gatineau 298,740
59%
Kamloops 106,974
59%
Kingston 145,104
59%
Oshawa 196,165
58%
Richmond 235,093
58%
Abbotsford 166,842
55%
Nanaimo 108,277
55%
Barrie 164,487
53%
Sherbrooke 180,936
53%
Vaughan 344,930
52%
Burnaby 283,593
49%
Waterloo 139,696
49%
Guelph 156,773
48%
Markham 357,298
48%
Cape Breton 104,801
47%
Lethbridge 107,225
47%
Saguenay 149,727
47%
North Vancouver 161,596
45%
Oakville 231,886
45%
St. Catharines 149,550
44%
Burlington 195,764
41%
Ajax 135,968
40%
Cambridge 156,318
40%
Richmond Hill 212,252
40%
Longueuil 262,604
39%
Coquitlam 166,584
38%
Chatham-Kent 110,751
37%
Chilliwack 101,862
36%
Langley 187,733
36%
Lévis 156,114
36%
Brantford 116,587
34%
Milton 148,110
34%
Delta 120,049
33%
Pickering 109,116
32%
Whitby 154,478
30%
Saint-Jean-sur-Richelieu 100,179
29%
Maple Ridge 102,414
26%
Saanich 125,380
26%
Terrebonne 123,577
26%
Strathcona County 104,243
23%
Clarington 111,404
18%
No matching quizzes found
Score Distribution
Percent of People with Each Score
Percentile by Number Answered
Your Score History
You have not taken this quiz